Fundamentación moral, según Balmes de la doctrina y de la reformas sociales / (Record no. 64514)
[ view plain ]
| 000 -LEADER | |
|---|---|
| campo de control de longitud fija | 00872nam a2200217 i 4500 |
| 001 - NÚMERO DE CONTROL | |
| campo de control | 64514 |
| 003 - IDENTIFICADOR DE NÚMERO DE CONTROL | |
| campo de control | ES-MaACL |
| 005 - FECHA Y HORA DE LA ÚLTIMA TRANSACCIÓN | |
| campo de control | 20251118191623.0 |
| 007 - CAMPO FIJO DE DESCRIPCIÓN FÍSICA--INFORMACIÓN GENERAL | |
| campo de control de longitud fija | t| |
| 008 - DATOS DE LONGITUD FIJA--INFORMACIÓN GENERAL | |
| campo de control de longitud fija | 031226s1948 sp ||||1| spa d |
| 100 1# - ENTRADA PRINCIPAL--NOMBRE DE PERSONA | |
| Nombre de persona | Font Puig, Pedro. |
| 9 (RLIN) | 51567 |
| 245 10 - MENCIÓN DEL TÍTULO | |
| Título | Fundamentación moral, según Balmes de la doctrina y de la reformas sociales / |
| Mención de responsabilidad, etc. | por Pedro Font Puig. |
| 260 ## - PUBLICACIÓN, DISTRIBUCIÓN, ETC. | |
| Lugar de publicación, distribución, etc. | Madrid : |
| Nombre del editor, distribuidor, etc. | [s.n., |
| Fecha de publicación, distribución, etc. | 1948] ( |
| Fabricante | Afrodisio Aguado) |
| 300 ## - DESCRIPCIÓN FÍSICA | |
| Extensión | 13 p. ; |
| Dimensiones | 25 cm. |
| 500 ## - NOTA GENERAL | |
| Nota general | Es separata de: Revista Internacional de Sociología, nº 22-23, abril-septiembre. |
| 500 ## - NOTA GENERAL | |
| Nota general | Precede al tit.: Consejo Superior de Investigaciones Científicas, Instituto Balmes de Sociología. |
| 600 14 - PUNTO DE ACCESO ADICIONAL DE MATERIA--NOMBRE DE PERSONA | |
| Nombre de persona | Balmes, Jaime, |
| Fechas asociadas al nombre | 1810-1848- |
| Subdivisión general | Crítica e interpretación |
| 9 (RLIN) | 25097 |
| 710 2# - ENTRADA AGREGADA--NOMBRE DE ENTIDAD CORPORATIVA | |
| Nombre de entidad corporativa o nombre de jurisdicción como elemento de entrada | Instituto Balmes de Sociología. |
| 9 (RLIN) | 4799 |
| 852 ## - LOCALIZACIÓN | |
| Ubicación | ES-MaACL |
| Número de control de estantería | 1900-F-4 |
| Sublocalización o colección | R.28766 |
| Estatus retirado | Estado de pérdida | Estado de daño | No para préstamo | Colección | Biblioteca de origen | Biblioteca actual | Ubicación en estantería | Fecha de adquisición | Fuente de adquisición | Total de préstamos | Signatura topográfica completa | Código de barras | Visto por última vez | Precio de reemplazo | Tipo de ítem Koha |
|---|---|---|---|---|---|---|---|---|---|---|---|---|---|---|---|
| Colección de folletos | Biblioteca del Ateneo de Madrid | Biblioteca del Ateneo de Madrid | Depósito folletos | 17/01/2008 | 1900-F-4 | 1067603 | 23/02/2023 | 23/02/2023 | Folleto |
